| 000 | 00764nam a2200241 i 4500 | ||
|---|---|---|---|
| 001 | bg | ||
| 100 | 1 | _aADAMSKI, Marian | |
| 245 | 0 | 0 |
_aModelowanie układów sterowania dyskretnego z wykorzystaniem sieci SFC / _cMarian Adamski, Małgorzata Chodań. |
| 260 |
_aZielona Góra : _bWydaw. Politechniki Zielonogórskiej, _c2000. |
||
| 300 |
_a129, [1] s. : _brys. ; _c24 cm. |
||
| 504 | _aBibliogr. | ||
| 650 | 9 |
_aSterowanie _xurządzenia _xprogramowanie |
|
| 650 | 9 |
_aSterowniki logiczne _xprogramowanie |
|
| 650 | 9 | _aSieci Petriego | |
| 700 | 1 | _aCHODOŃ, Małgorzata | |
| 020 | _a8385911022 | ||
| 040 | _cBPK | ||
| 041 | 0 | _apl | |
| 080 | _a62-52:004.31:004.41:519.7 | ||
| 920 | _a83-85911-02-2 | ||
| 942 | _cKS | ||
| 008 | s pl f |000 0 pol | ||
| 999 |
_c39514 _d39514 |
||
| 856 |
_uhttp://koha.tu.koszalin.pl/cgi-bin/koha/opac-detail.pl?biblionumber=39514 _yKatalog online BPK |
||